Pressure distribution in C-D. Nozzle of C&E 2"x2" supersonic Tunnel (Record no. 326005)
[ view plain ]
| 000 -LEADER | |
|---|---|
| fixed length control field | 00404 a2200133 4500 |
| 001 - CONTROL NUMBER | |
| control field | 90932 |
| 082 ## - DEWEY DECIMAL CLASSIFICATION NUMBER | |
| Classification number | PR 1019 |
| 090 ## - LOCALLY ASSIGNED LC-TYPE CALL NUMBER (OCLC); LOCAL CALL NUMBER (RLIN) | |
| -- | 43065 |
| -- | 43065 |
| 100 ## - MAIN ENTRY--PERSONAL NAME | |
| Personal name | Noor-ul-Qadir; Prof S.J. Raza (Advisor) |
| 245 ## - TITLE STATEMENT | |
| Title | Pressure distribution in C-D. Nozzle of C&E 2"x2" supersonic Tunnel |
| Number of part/section of a work | 31st 'A' EC |
| 260 ## - PUBLICATION, DISTRIBUTION, ETC. | |
| Place of publication, distribution, etc. | Karachi |
| Name of publisher, distributor, etc. | NED University |
| Date of publication, distribution, etc. | 1990 |
| 300 ## - PHYSICAL DESCRIPTION | |
| Extent | v;60p |
| Other physical details | Termite Effected |
| 500 ## - GENERAL NOTE | |
| General note | BE Projct Reports |
| 942 ## - ADDED ENTRY ELEMENTS (KOHA) | |
| Institution code [OBSOLETE] | CAE Nust |
| Call number prefix | PR 1019 |
| Withdrawn status | Lost status | Damaged status | Not for loan | Collection code | Permanent Location | Current Location | Date acquired | Total Checkouts | Full call number | Barcode | Date last seen | Price effective from | Koha item type |
|---|---|---|---|---|---|---|---|---|---|---|---|---|---|
| College of Aeronautical Engineering (CAE) | College of Aeronautical Engineering (CAE) | 04/03/2017 | PR 1019 | CAEPR-1019 | 04/05/2017 | 04/05/2017 | Book |
